Which BLACKPINK Member? - Click Quiz - Statistics

General Stats
  • This quiz has been taken 237 times
  • The average score is 17 of 30
Answer Stats
Hint Answer % Correct
Sings "APT." with Bruno Mars Rosé
89%
Is from Thailand Lisa
86%
Starred in the drama Snowdrop, opposite Jung Hae-in Jisoo
76%
Is the maknae (youngest) Lisa
76%
Was first to debut solo Jennie
75%
Ruby Jane is her alter ego Jennie
75%
Dated EXO's Kai Jennie
75%
Widely considered to be K-pop's "It Girl" Jennie
71%
Is a Dior global ambassador Jisoo
66%
Appeared on season 3 of The White Lotus Lisa
66%
Has NOT been on the talk show Hot Ones with Sean Evans Jisoo
65%
Competed on King of Masked Singer in 2017 Rosé
65%
Is the most followed K-pop idol on Instagram Lisa
64%
Can speak the most languages (fluently) Lisa
61%
Whose full name in Korean is 박채영 Rosé
58%
Owns cats Lisa
56%
Was the one whistling on the song "Whistle" Jisoo
51%
Whose birthday is closest to the beginning of the year (January 1) Jisoo
51%
Has both a sister and a brother Jisoo
50%
Has the highest net worth* Lisa
47%
Was a cheerleader in high school Rosé
46%
Is said to have cheeks that resemble dumplings (mandu) Jennie
43%
Won the MTV Video Music Award for Best K-Pop twice Lisa
43%
Is the tallest Rosé
38%
Is left-handed Rosé
37%
Was in training the longest Jennie
35%
Has blood type A Jisoo
33%
After School's Jung Ah has a child nicknamed after her Jennie
27%
Signed with Columbia Records in 2024 Jennie
23%
Has been named one of Time's 100 Most Influential People of 2025 Rosé
12%
No matching quizzes found
Score Distribution
Percent of People with Each Score
Percentile by Number Answered
Your Score History
You have not taken this quiz